000 00788cab a22002175a 4500
001 L153528
008 110804e20110730xxk 000 0 eng d
035 _a(Sirsi) u153528
041 0 _aeng
100 1 _aLaw, Victoria
245 0 2 _aA whiff of an underground revolution
260 _c2011
490 _aEstates Gazette
_v(1130) 30 July 2011, 54(1)
520 _aOwnership of private sewers and lateral drains connected to the public network are being transferred to water companies between 1 October 2011 and 1 October 2016.
590 _aKA
650 2 4 _aWATER INDUSTRY (SCHEMES FOR ADOPTON OF PRIVATE SEWERS) REGULATIONS 2011
650 2 4 _aWATER INDUSTRY ACT 1991
651 4 _aENGLAND AND WALES
690 _aENVIRONMENT AND LAND CONSULTANCY-WASTE MANAGEMENT
942 _n0
999 _c83311
_d83311